000 00432nam a2200169Ia 4500
005 20250325031715.0
008 240331s9999 xx 000 0 und d
020 _a0140127240
082 _a302.234
_bNAI
_2933
100 _aNair, M
100 _aTaraporevala, S
245 0 _aSalaam Bombay!
260 _aNew Delhi
_bPenguin Books
_c1989
300 _axi, 204 p.,
500 _aHow the film "Salaam Bombay!" was made.
942 _cL
999 _c1177
_d1177